Les Ballons d'Or ayant joué en Serie A - Mort Subite - Statistiques

Statistiques générales
  • Ce quiz a été pris 320 fois
  • Le résultat moyen est 14 sur 25
Answers on the Grid
Answers color-coded by a green-red scale on the quiz's grid according to % correct below.
Stanley Matthews
Alfredo Di Stefano
Raymond Kopa
Luis Suarez
Omar Sivori
Josef Masopust
Lev Yachine
Denis Law
Eusébio
Bobby Charlton
Florian Albert
George Best
Gianni Rivera
Gerd Müller
Johan Cruyff
Franz Beckenbauer
Oleg Blockhine
Allan Simonsen
Kevin Keegan
Karl-Heinz Rummenigge
Paolo Rossi
Michel Platini
Igor Belanov
Ruud Gullit
Marco Van Basten
Lothar Matthäus
Jean-Pierre Papin
Roberto Baggio
Hristo Stoitchkov
George Weah
Matthias Sammer
Ronaldo
Zinédine Zidane
Rivaldo
Luis Figo
Michael Owen
Pavel Nedved
Andriy Shevchenko
Ronaldinho
Fabio Cannavaro
Kaka
Cristiano Ronaldo
Lionel Messi
Luka Modric
Karim Benzema
Rodri
 
Statistiques - réponses
Réponse % Correct
Zinédine Zidane
79%
Cristiano Ronaldo
78%
Fabio Cannavaro
78%
Kaka
78%
Michel Platini
77%
Ronaldo
77%
Pavel Nedved
75%
Andriy Shevchenko
72%
Roberto Baggio
71%
Ruud Gullit
71%
Ronaldinho
70%
George Weah
69%
Marco Van Basten
69%
Jean-Pierre Papin
67%
Paolo Rossi
64%
Gianni Rivera
50%
Luis Figo
45%
Omar Sivori
43%
Rivaldo
39%
Lothar Matthäus
34%
Hristo Stoitchkov
25%
Luis Suarez
21%
Karl-Heinz Rummenigge
13%
Matthias Sammer
10%
Denis Law
3%
Aucun quiz correspondant
Distribution des résultats
% des personnes avec chaque résultat
Percentile par nombre de réponses
Votre historique - résultats
Vous n’avez pas pris ce quiz